Villes Françaises sur un itinéraire mystère - Statistiques

Statistiques générales
  • Ce quiz a été pris 3 248 fois
  • Le résultat moyen est 10 sur 16
Réponses sur la Carte
Les réponses sont colorées sur une échelle allant du rouge au vert en fonction du pourcentage des utilisateurs qui les ont devinées à leur premier essai. Vous pouvez retrouver ces pourcentages ci-dessous.
 
Statistiques - réponses
# Ville % Correct
Départ Le Havre
96%
1 Orléans
87%
2 Limoges
78%
3 Le Mans
72%
6 Bordeaux
71%
5 Brest
71%
4 Angers
70%
7 Montpellier
70%
8 Perpignan
69%
9 Aix-en-Provence
63%
10 Clermont-Ferrand
63%
Arrivée Strasbourg
54%
12 Lille
36%
13 Nancy
35%
14 Nice
35%
11 Montreuil
31%
Aucun quiz correspondant
Distribution des résultats
% des personnes avec chaque résultat
Percentile par nombre de réponses
Votre historique - résultats
Vous n’avez pas pris ce quiz